[Event "FRA-ch Blitz Online Qual"]
[Site "Europe Echecs INT"]
[Date "2020.05.16"]
[Round "1"]
[White "Maged, Gabriel"]
[Black "Berthaut, Alexandre"]
[Result "0-1"]
[WhiteElo "1218"]
[BlackElo "1924"]
[PlyCount "132"]
[EventDate "2020.05.16"]
[EventType "swiss (blitz)"]
[EventRounds "15"]
[EventCountry "FRA"]
[SourceTitle "CBM 196 Extra"]
[Source "ChessBase"]
[SourceDate "2020.07.31"]
[SourceVersion "1"]
[SourceVersionDate "2020.07.31"]
[SourceQuality "1"]

1. e4 b6 2. d4 Bb7 3. Nc3 e6 4. Nf3 Bb4 5. Be2 Bxe4 6. Bd2 Bb7 7. 0-0 Nf6 8. a3 Be7 9. Bd3 d6 10. Qe2 Nbd7 11. Rfe1 0-0 12. Bg5 h6 13. Bxf6 Bxf6 14. Ne4 Be7 15. c4 Nf6 16. Nxf6+ Bxf6 17. Rad1 d5 18. cxd5 Qxd5 19. Be4 Qxe4 20. Qxe4 Bxe4 21. Rxe4 Rfd8 22. Kf1 c5 23. Ke2 Rac8 24. dxc5 Rxd1 25. Kxd1 Rxc5 26. b4 Rd5+ 27. Ke2 Bb2 28. a4 Kf8 29. Nd2 Re5 30. Rxe5 Bxe5 31. Nc4 Bb8 32. Kd3 Ke7 33. Ke4 h5 34. h3 Bd6 35. f4 Bxb4 36. f5 Bc5 37. Ne5 a6 38. Nc6+ Kd6 39. Nd8 Ke7 40. Nc6+ Kd6 41. Ne5 Ke7 42. fxe6 fxe6 43. Nc6+ Kd6 44. Nb8 a5 45. Na6 Kc6 46. Nxc5 Kxc5 47. Kd3 Kb4 48. g4 hxg4 49. hxg4 Kxa4 50. Ke4 Kb4 51. Ke5 a4 52. Kxe6 a3 53. g5 a2 54. g6 a1Q 55. Kf7 Qf6+ 56. Kg8 Ka5 57. Kh7 b5 58. Kg8 b4 59. Kh7 b3 60. Kg8 b2 61. Kh7 b1Q 62. Kg8 Qb8+ 63. Kh7 Qh2+ 64. Kg8 Qd8+ 65. Kxg7 Qhh8+ 66. Kf7 Qde8# 0-1